Sports Quiz

Random Sports or War Quiz

Career WAR by One Game with Team Quiz Stats

Quiz not verified by Sporcle

Challenge
Share
Tweet
Embed
Score 0/150 Timer 10:00
0 Plays Today
Team Player % Correct
Red SoxBabe Ruth
96.6%
Red SoxRoger Clemens
96.6%
YankeesBabe Ruth
96.6%
YankeesRoger Clemens
96.6%
Blue JaysRoger Clemens
96.6%
Twins/SenatorsWalter Johnson
96.6%
AstrosRoger Clemens
96.6%
AstrosRandy Johnson
96.6%
MarinersRandy Johnson
96.6%
Nationals/ExposRandy Johnson
96.6%
DiamondbacksRandy Johnson
96.6%
GiantsRandy Johnson
96.6%
YankeesLou Gehrig
93.2%
Orioles/BrownsCal Ripken, Jr.
92%
Red SoxCy Young
92%
YankeesAlex Rodriguez
92%
IndiansCy Young
92%
MarinersAlex Rodriguez
92%
RangersAlex Rodriguez
92%
BravesCy Young
92%
MarlinsIvan Rodriguez
92%
Orioles/BrownsFrank Robinson
90.9%
Red SoxTed Williams
90.9%
IndiansFrank Robinson
90.9%
TigersTy Cobb
90.9%
AngelsFrank Robinson
90.9%
AthleticsTy Cobb
90.9%
BravesHank Aaron
90.9%
MetsWillie Mays
90.9%
RedsFrank Robinson
90.9%
BrewersHank Aaron
90.9%
PiratesBarry Bonds
90.9%
DodgersFrank Robinson
90.9%
GiantsBarry Bonds
90.9%
GiantsWillie Mays
90.9%
Nationals/ExposLarry Walker
88.6%
RockiesLarry Walker
88.6%
RockiesTodd Helton
88.6%
RoyalsGeorge Brett
87.5%
PiratesHonus Wagner
86.4%
CardinalsStan Musial
86.4%
BrewersRobin Yount
85.2%
White SoxTom Seaver
84.1%
MetsTom Seaver
84.1%
RedsTom Seaver
84.1%
BravesGreg Maddux
83%
CubsGreg Maddux
83%
DodgersGreg Maddux
83%
PadresGreg Maddux
83%
AngelsNolan Ryan
81.8%
Team Player % Correct
RangersNolan Ryan
81.8%
PadresTony Gwynn
81.8%
Orioles/BrownsRogers Hornsby
80.7%
BravesRogers Hornsby
80.7%
CubsRogers Hornsby
80.7%
CardinalsRogers Hornsby
80.7%
GiantsRogers Hornsby
80.7%
Red SoxTris Speaker
79.5%
Blue JaysPaul Molitor
79.5%
IndiansTris Speaker
79.5%
Twins/SenatorsTris Speaker
79.5%
AngelsAlbert Pujols
79.5%
AthleticsTris Speaker
79.5%
PhilliesMike Schmidt
79.5%
BrewersPaul Molitor
79.5%
CardinalsAlbert Pujols
79.5%
White SoxKen Griffey, Jr.
77.3%
MarinersKen Griffey, Jr.
77.3%
RedsKen Griffey, Jr.
77.3%
DiamondbacksCurt Schilling
77.3%
White SoxSteve Carlton
76.1%
Twins/SenatorsSteve Carlton
76.1%
Nationals/ExposGary Carter
76.1%
RaysWade Boggs
75%
MetsPedro Martinez
75%
Nationals/ExposPedro Martinez
75%
DodgersPedro Martinez
75%
YankeesRickey Henderson
73.9%
Blue JaysRickey Henderson
73.9%
AstrosJoe Morgan
73.9%
AngelsRickey Henderson
73.9%
AthleticsRickey Henderson
73.9%
MarinersRickey Henderson
73.9%
MetsRickey Henderson
73.9%
PhilliesJoe Morgan
73.9%
RedsJoe Morgan
73.9%
PiratesRoberto Clemente
73.9%
DodgersRickey Henderson
73.9%
PadresRickey Henderson
73.9%
GiantsMel Ott
72.7%
White SoxEddie Collins
71.6%
TigersAl Kaline
71.6%
AthleticsEddie Collins
71.6%
PhilliesJimmie Foxx
71.6%
CubsJimmie Foxx
71.6%
MarlinsGary Sheffield
70.5%
TigersEddie Mathews
68.2%
AstrosEddie Mathews
68.2%
MetsWarren Spahn
68.2%
PhilliesGrover Alexander
68.2%
Team Player % Correct
CubsGrover Alexander
68.2%
CardinalsGrover Alexander
68.2%
DiamondbacksLuis Gonzalez
68.2%
RaysManny Ramirez
67%
IndiansNap Lajoie
65.9%
AthleticsNap Lajoie
65.9%
RaysFred McGriff
61.4%
TigersCharlie Gehringer
60.2%
MarlinsKevin Brown
60.2%
TigersSam Crawford
58%
Orioles/BrownsRobin Roberts
56.8%
AstrosRobin Roberts
56.8%
CubsRobin Roberts
56.8%
RangersFerguson Jenkins
55.7%
Nationals/ExposPete Rose
55.7%
Blue JaysPhil Niekro
54.5%
IndiansPhil Niekro
54.5%
RedsChristy Mathewson
54.5%
DiamondbacksRoberto Alomar
53.4%
MarlinsAndre Dawson
52.3%
RockiesBret Saberhagen
52.3%
Blue JaysFrank Thomas
51.1%
RoyalsGaylord Perry
51.1%
Twins/SenatorsRod Carew
51.1%
MarinersGaylord Perry
51.1%
RangersGaylord Perry
51.1%
PadresGaylord Perry
51.1%
RoyalsCarlos Beltran
47.7%
Twins/SenatorsBert Blyleven
45.5%
AngelsBert Blyleven
45.5%
RangersBert Blyleven
45.5%
PiratesBert Blyleven
45.5%
RoyalsHarmon Killebrew
44.3%
MarlinsTim Raines
44.3%
PiratesArky Vaughan
40.9%
BrewersDon Sutton
35.2%
RockiesJason Giambi
35.2%
DodgersAdrian Beltre
35.2%
RoyalsDavid Cone
34.1%
RaysDwight Gooden
33%
BravesKid Nichols
33%
PhilliesKid Nichols
33%
CardinalsKid Nichols
33%
White SoxGeorge Davis
28.4%
PadresGraig Nettles
27.3%
Orioles/BrownsEddie Plank
25%
RaysJohnny Damon
22.7%
RockiesJaime Moyer
21.6%
DiamondbacksDevon White
18.2%
BrewersWillie Randolph
5.7%

You're not logged in!

Compare scores with friends on all Sporcle quizzes.
Join for Free
OR
Log In

You Might Also Like...

Show Comments

Extras

Top Quizzes Today


Score Distribution

Your Account Isn't Verified!

In order to create a playlist on Sporcle, you need to verify the email address you used during registration. Go to your Sporcle Settings to finish the process.

Report this User

Report this user for behavior that violates our Community Guidelines.

Details: